Die Schiffahrt und Wirtschaft im mittleren Donauraum in der Zeit des Merkantilismus : (Titelsatznr. 24424)
[ MARC ]
| 000 -Satzkennung | |
|---|---|
| Kontrollfeld mit fester Länge | 00942nam a22002411c 4500 |
| 001 - Kontrollnummer | |
| Kontrollfeld | a987669904 |
| 008 - Feld mit fester Länge zur physischen Beschreibung - Allgemeine Angaben | |
| Kontrollfeld mit fester Länge | 130129s1982 gw |||| 000u ger d |
| 040 ## - Katalogisierungsquelle | |
| Übertragungsstelle | RU-10907106 |
| 003 - Kontrollnummer Identifier | |
| Kontrollfeld | RU-10907106 |
| 100 1# - Haupteintragung - Personenname | |
| Personenname | Petrovic, Nikola |
| 240 10 - Einheitstitel | |
| Einheitstitel | Plovidba i privreda srednjeg Podunavlja u doba merkantilizma |
| 245 04 - Titel | |
| Titel | Die Schiffahrt und Wirtschaft im mittleren Donauraum in der Zeit des Merkantilismus : |
| Zusatz zum Titel | der Bau des Donau-Theiss-, des Franzens-Kanals und die Bestrebungen gegen Ende des XVIII. Jahrhunderts, den mittleren Donauraum mit dem Adriatischen Meer zu verbinden |
| 246 10 - Titelvarianten | |
| Hauptsachtitel/Kurztitel | Navigation and the economy in the Central Danube basin in the age of mercantilism |
| 264 ## - Produktion, Veröffentlichung, Distribution, Herstellung und Urheberrechtsvermerk | |
| Herstellungs-, Veröffentlichungs- Vertriebs-, Erzeugungsort | Beograd [u.a.], |
| Datum der Herstellung, der Veröffentlichung, des Vertriebs oder des Urheberschutzvermerks | 1982 |
| 300 ## - Physische Beschreibung | |
| Umfang | 565 S. |
| 648 #0 - Nebeneintragung unter einem Schlagwort - Zeitschlagwort | |
| Zeitschlagwort | 1780-1867 |
| 650 #0 - Nebeneintragung unter einem Schlagwort - Sachschlagwort | |
| Sachschlagwort oder geografischer Name als Eintragungselement | Binnenschifffahrt |
| 650 #0 - Nebeneintragung unter einem Schlagwort - Sachschlagwort | |
| Sachschlagwort oder geografischer Name als Eintragungselement | Wirtschaft |
| 650 #0 - Nebeneintragung unter einem Schlagwort - Sachschlagwort | |
| Sachschlagwort oder geografischer Name als Eintragungselement | Donau-Theiß-Kanal |
| 650 #0 - Nebeneintragung unter einem Schlagwort - Sachschlagwort | |
| Sachschlagwort oder geografischer Name als Eintragungselement | Franzens-Kanal |
| 651 #0 - Nebeneintragung unter einem Schlagwort - Geografischer Name | |
| Geografischer Name | Mittlere Donau <Region> |
| 942 ## - Zusätzliche Felder (Koha) | |
| Koha-Medientyp | Monographien |
| Ausgeschieden | Verloren | Klassifikation oder Aufstellungssystematik | Beschädigt | Nicht entleihbar | Heimatbibliothek | Aufenthaltsbibliothek | Aufstellungsort | Erwerbungsdatum | Inventarnummer | Signatur | Barcode | Letzte Aktivität | Preis gültig von | Koha-Medientyp |
|---|---|---|---|---|---|---|---|---|---|---|---|---|---|---|
| Andere/Generische Klassifikation | MWN Osteuropa | MWN Osteuropa | Lesesaal - 1 | 29/01/2013 | 13-00028 | W 40 G q Pet | E004015073EAA87C | 12/02/2017 | 22/03/2021 | Monographien |